| 000 | 01054cad a22002535a 4500 | ||
|---|---|---|---|
| 001 | E147929 | ||
| 008 | 090702s2009 xxk f l s000 0 eng d | ||
| 035 | _a(Sirsi) u147929 | ||
| 041 | 0 | _aeng | |
| 110 | 2 |
_aScotland _kLaws, etc |
|
| 245 | 0 | 4 |
_aThe Community Right to Buy (Definition of Excluded Land) (Scotland) Order 2009 _h[electronic resource] |
| 260 |
_aEdinburgh _bScottish Government _c2009 |
||
| 490 | 0 |
_aScottish Statutory Instrument _v2009: 207 |
|
| 520 | _aThis Order specifies what is "excluded land" for the purposes of the Land Reform (Scotland) Act 2003 S33. | ||
| 520 | _aComes into force 15 June 2009. | ||
| 521 | _aAdvanced | ||
| 590 | _aKA | ||
| 650 | 2 | 4 | _aLAND REFORM (SCOTLAND) ACT 2003 S33 |
| 650 | 2 | 4 | _aCOMMUNITY RIGHT TO BUY (DEFINITION OF EXCLUDED LAND) (SCOTLAND) ORDER 2009 |
| 651 | 4 |
_aScotland _y1999- |
|
| 690 |
_aPlanning and development _96259 |
||
| 856 | 4 | 0 |
_uhttps://www.opsi.gov.uk/legislation/scotland/ssi2009/ssi_20090207_en_1 _zView the statutory instrument free of charge at www.opsi.gov.uk... |
| 942 | _n0 | ||
| 999 |
_c109796 _d109796 |
||